[Event "10. Lovsprings EMT Jubilaeumsklasse1998"]
[Site "Ringsted"]
[Date "1998.03.13"]
[Round "1"]
[White "Bromann, Thorbjorn"]
[Black "Hansen, Jorgen Bredahl"]
[Result "1-0"]
[WhiteElo "2254"]
[BlackElo "2079"]
[PlyCount "63"]
[EventDate "1998.??.??"]

1. e4 c5 2. Nf3 Nc6 3. d4 cxd4 4. Nxd4 Nf6 5. Nc3 e5 6. Ndb5 d6 7. Bg5 a6 8.
Na3 b5 9. Bxf6 gxf6 10. Nd5 f5 11. c3 Bg7 12. exf5 Bxf5 13. Nc2 Be6 14. a4 Bxd5
15. Qxd5 Ne7 16. Qb3 O-O 17. axb5 axb5 18. Na3 Qb6 19. Bxb5 Rfb8 20. c4 d5 21.
O-O Qb7 22. Rab1 Nf5 23. Rfe1 dxc4 24. Qh3 Nd6 25. Bxc4 Ra4 26. Bd3 e4 27. Bc2
Rb4 28. Qg3 Qa6 29. Bxe4 Rxb2 30. Bd3 Qxa3 31. Bxh7+ Kxh7 32. Qxa3 1-0

[Event "10. Lovsprings EMT Jubilaeumsklasse1998"]
[Site "Ringsted"]
[Date "1998.03.13"]
[Round "1"]
[White "Lynge, Michael"]
[Black "Pedersen, Hans Dahl"]
[Result "1/2-1/2"]
[WhiteElo "2107"]
[BlackElo "2140"]
[PlyCount "50"]
[EventDate "1998.??.??"]

1. d4 d5 2. c4 e6 3. Nc3 f5 4. Nf3 Nf6 5. g3 c6 6. Bg2 Bd6 7. O-O O-O 8. b3 Bd7
9. Bf4 Bxf4 10. gxf4 Ne4 11. Rc1 Be8 12. Qd3 Nd7 13. Na4 Rf6 14. a3 Rh6 15.
cxd5 exd5 16. Nc5 Ndxc5 17. dxc5 Bh5 18. Nd4 Bg6 19. f3 Qh4 20. fxe4 Qxh2+ 21.
Kf2 fxe4 22. Qe3 Qh4+ 23. Kg1 Qh2+ 24. Kf2 Qh4+ 25. Kg1 Qh2+ 1/2-1/2

[Event "10. Lovsprings EMT Jubilaeumsklasse1998"]
[Site "Ringsted"]
[Date "1998.03.13"]
[Round "1"]
[White "Sivertsen, Palle"]
[Black "Nielsen, Max"]
[Result "1/2-1/2"]
[WhiteElo "2094"]
[BlackElo "2132"]
[PlyCount "70"]
[EventDate "1998.??.??"]

1. e4 c5 2. Nc3 Nc6 3. f4 g6 4. Nf3 Bg7 5. Bb5 Nd4 6. a4 a6 7. Bc4 e6 8. d3 Ne7
9. e5 d5 10. exd6 Qxd6 11. Ne4 Qc7 12. O-O O-O 13. c3 Nxf3+ 14. Qxf3 b6 15. Ng5
Bb7 16. Qe2 Qc6 17. Bd2 b5 18. axb5 axb5 19. Rxa8 Rxa8 20. Bb3 Nf5 21. Nf3 Rd8
22. Rf2 Qd6 23. Bc2 Ra8 24. Bb3 Rd8 25. Bc2 Qd5 26. Qd1 Ra8 27. Ne1 h5 28. Bb3
Qc6 29. Nf3 Rd8 30. Bc1 c4 31. Bc2 cxd3 32. Bxd3 Qd5 33. Rd2 Qc5+ 34. Kh1 Ne7
35. Qe2 b4 1/2-1/2

[Event "10. Lovsprings EMT Jubilaeumsklasse1998"]
[Site "Ringsted"]
[Date "1998.03.13"]
[Round "1"]
[White "Madsen, Hans Henrik"]
[Black "Antonsen, Mikkel"]
[Result "0-1"]
[WhiteElo "2076"]
[BlackElo "2419"]
[PlyCount "84"]
[EventDate "1998.??.??"]

1. d4 e6 2. Nf3 c5 3. e4 cxd4 4. Nxd4 a6 5. c4 Nc6 6. Nc3 Bb4 7. Qd3 Nf6 8.
Nxc6 dxc6 9. Qxd8+ Kxd8 10. Bd2 e5 11. f3 Be6 12. a3 Bc5 13. Na4 Bd4 14. Bc3
Bxc3+ 15. Nxc3 Nd7 16. Be2 b5 17. cxb5 axb5 18. Kf2 Ke7 19. g3 f6 20. Nd1 Rhb8
21. Ne3 Ra4 22. Rhc1 c5 23. Bd1 Rd4 24. b4 cxb4 25. Nc2 Rd2+ 26. Ke3 b3 27.
Kxd2 b2 28. Nb4 Ra8 29. Kc2 bxc1=Q+ 30. Kxc1 Nc5 31. Kb2 Bc4 32. Bc2 Ne6 33.
Bd3 Bxd3 34. Nxd3 Rd8 35. Kc3 Nd4 36. Ne1 h5 37. Rb1 h4 38. gxh4 Rh8 39. Ng2
Rc8+ 40. Kd3 Ra8 41. Ra1 Nb3 42. Rb1 Rxa3 0-1

[Event "10. Lovsprings EMT Jubilaeumsklasse1998"]
[Site "Ringsted"]
[Date "1998.03.20"]
[Round "2"]
[White "Antonsen, Mikkel"]
[Black "Sivertsen, Palle"]
[Result "1/2-1/2"]
[WhiteElo "2419"]
[BlackElo "2094"]
[PlyCount "136"]
[EventDate "1998.??.??"]

1. d4 Nf6 2. c4 d6 3. Nc3 Bf5 4. f3 e5 5. d5 e4 6. e3 Qe7 7. Nge2 Nbd7 8. Nd4
Bg6 9. Be2 exf3 10. gxf3 a5 11. O-O Nc5 12. e4 Qd7 13. Be3 Be7 14. b3 O-O 15.
a3 Qh3 16. Qd2 Nfd7 17. b4 axb4 18. axb4 Rxa1 19. Rxa1 Na6 20. Nd1 Re8 21. Nf2
Qh4 22. f4 Bf6 23. Nf3 Qxf2+ 24. Bxf2 Bxa1 25. e5 dxe5 26. fxe5 Nxe5 27. Nxe5
Bxe5 28. c5 Nb8 29. c6 bxc6 30. dxc6 Be4 31. b5 Nxc6 32. bxc6 Bxc6 33. Bc4 h6
34. Bg3 Bxg3 35. hxg3 Kf8 36. Qb4+ Kg8 37. Qc5 Bd7 38. Qxc7 Be6 39. Qc6 Re7 40.
Qc5 Re8 41. Qc6 Kf8 42. Bb5 Rc8 43. Qd6+ Kg8 44. Kf2 Rc3 45. Bd3 Rc8 46. Ke3
Re8 47. Kd4 Ba2 48. Bb5 Rf8 49. Qe7 Bb1 50. Ke5 Bg6 51. Kd6 Bh7 52. Bc6 Bg6 53.
g4 Rb8 54. Bb7 Bh7 55. Kc7 Rf8 56. Be4 Bg6 57. Kd6 Rb8 58. Bd5 Rb6+ 59. Bc6 Rb8
60. Ke5 Rf8 61. Bd5 Bh7 62. Kf4 Bg6 63. Kg3 Bh7 64. Kf4 Bg6 65. Qd6 Bh7 66. Be4
Bxe4 67. Kxe4 Re8+ 68. Kf4 Re6 1/2-1/2

[Event "10. Lovsprings EMT Jubilaeumsklasse1998"]
[Site "Ringsted"]
[Date "1998.03.20"]
[Round "2"]
[White "Hansen, Jorgen Bredahl"]
[Black "Madsen, Hans Henrik"]
[Result "1-0"]
[WhiteElo "2079"]
[BlackElo "2076"]
[PlyCount "137"]
[EventDate "1998.??.??"]

1. Nf3 Nf6 2. b3 d6 3. Bb2 e5 4. e3 g6 5. c4 Bg7 6. Nc3 O-O 7. Be2 Nbd7 8. O-O
c6 9. d4 e4 10. Nd2 Re8 11. Qc2 Qe7 12. Rae1 Nb6 13. f3 Bf5 14. fxe4 Nxe4 15.
Ndxe4 Bxe4 16. Nxe4 Qxe4 17. Bd3 Qh4 18. e4 d5 19. cxd5 cxd5 20. e5 Rac8 21.
Qf2 Qxf2+ 22. Rxf2 f6 23. Rfe2 fxe5 24. dxe5 Re6 25. Bd4 Nd7 26. Bb5 Nf8 27. b4
a6 28. Ba4 Rc4 29. Bc5 b6 30. Bd6 Rd4 31. Rd1 Rxd1+ 32. Bxd1 Bh6 33. Bb3 Re8
34. Bxd5+ Ne6 35. Rc2 Kg7 36. Kf2 Bg5 37. Rc6 Nf4 38. Rc7+ Kh6 39. Bf7 Nd3+ 40.
Ke2 Nf4+ 41. Kf3 Ra8 42. e6 Nd5 43. Rb7 Rc8 44. e7 Rc3+ 45. Kf2 Rc2+ 46. Ke1
Rc1+ 47. Ke2 Rc2+ 48. Kd3 Rd2+ 49. Kc4 Ne3+ 50. Kb3 Rd3+ 51. Ka4 b5+ 52. Ka5
Rxd6 53. e8=Q Bd8+ 54. Rb6 Bxb6+ 55. Kxa6 Bd4+ 56. Kxb5 Rb6+ 57. Ka5 Rb7 58. b5
Nc2 59. Ka4 Bc5 60. Bd5 Ra7+ 61. Kb3 Nd4+ 62. Kc4 Bb6 63. Kc3 Nf5 64. g4 Ne3
65. Be6 Kg5 66. Kb3 Bc5 67. a4 Kf4 68. Bc4 Nxg4 69. b6 1-0

[Event "10. Lovsprings EMT Jubilaeumsklasse1998"]
[Site "Ringsted"]
[Date "1998.03.20"]
[Round "2"]
[White "Pedersen, Hans Dahl"]
[Black "Nielsen, Max"]
[Result "1/2-1/2"]
[WhiteElo "2140"]
[BlackElo "2132"]
[PlyCount "82"]
[EventDate "1998.??.??"]

1. c4 Nf6 2. Nc3 g6 3. g3 Bg7 4. Bg2 O-O 5. Nf3 d6 6. Rb1 e5 7. b4 Nc6 8. d3 a6
9. Bg5 h6 10. Bxf6 Bxf6 11. a4 Be6 12. Nd5 Bg7 13. Nd2 Rb8 14. b5 axb5 15. axb5
Ne7 16. Nxe7+ Qxe7 17. Qa4 f5 18. O-O g5 19. Nb3 b6 20. Na1 Qf7 21. Nc2 Qh5 22.
Bf3 Qg6 23. Ne3 g4 24. Nd5 Rf7 25. Bh1 f4 26. Qa7 Rbf8 27. Nxc7 Rc8 28. Qxb6
Rcxc7 29. Qxd6 f3 30. exf3 Rcd7 31. Qc6 gxf3 32. b6 Bf5 33. Qxg6 Bxg6 34. b7
Rxb7 35. Rxb7 Rxb7 36. Bxf3 Rd7 37. Bd5+ Bf7 38. Be4 Bf8 39. Rb1 Bc5 40. Kg2
Kg7 41. f4 exf4 1/2-1/2

[Event "10. Lovsprings EMT Jubilaeumsklasse1998"]
[Site "Ringsted"]
[Date "1998.03.27"]
[Round "3"]
[White "Bromann, Thorbjorn"]
[Black "Pedersen, Hans Dahl"]
[Result "0-1"]
[WhiteElo "2254"]
[BlackElo "2140"]
[PlyCount "84"]
[EventDate "1998.??.??"]

1. e4 c5 2. Nf3 Nc6 3. d4 cxd4 4. Nxd4 Nf6 5. Nc3 e5 6. Ndb5 d6 7. Bg5 a6 8.
Na3 b5 9. Bxf6 gxf6 10. Nd5 Bg7 11. Bd3 Ne7 12. Nxe7 Qxe7 13. O-O f5 14. c3 Bb7
15. exf5 d5 16. Nc2 O-O 17. Qh5 e4 18. Rfe1 Kh8 19. Bf1 Be5 20. Ne3 Rg8 21.
Rad1 Rg5 22. Qh3 Rd8 23. Kh1 b4 24. c4 d4 25. Nd5 Rxd5 26. cxd5 Bxd5 27. Bxa6
Qf6 28. Qh4 Rxf5 29. Qxf6+ Rxf6 30. Bd3 Rf4 31. Kg1 e3 32. fxe3 dxe3 33. b3 Bc3
34. Re2 Bd2 35. Rf1 Rd4 36. Bc2 Kg7 37. h3 Bb7 38. Bxh7 Ba6 39. Rxd2 exd2 40.
Rd1 Be2 41. Bc2 Bxd1 42. Bxd1 Re4 0-1

[Event "10. Lovsprings EMT Jubilaeumsklasse1998"]
[Site "Ringsted"]
[Date "1998.03.27"]
[Round "3"]
[White "Madsen, Hans Henrik"]
[Black "Lynge, Michael"]
[Result "1/2-1/2"]
[WhiteElo "2076"]
[BlackElo "2107"]
[PlyCount "39"]
[EventDate "1998.??.??"]

1. c4 g6 2. d4 Bg7 3. Nf3 d6 4. Nc3 Nd7 5. g3 e5 6. Bg2 Ne7 7. e4 O-O 8. O-O
exd4 9. Nxd4 Nc6 10. Be3 Nde5 11. Nxc6 bxc6 12. Bd4 c5 13. Bxe5 Bxe5 14. Rc1
Rb8 15. b3 f5 16. f4 Bd4+ 17. Kh1 fxe4 18. Bxe4 Bh3 19. Bg2 Bxg2+ 20. Kxg2
1/2-1/2

[Event "10. Lovsprings EMT Jubilaeumsklasse1998"]
[Site "Ringsted"]
[Date "1998.03.27"]
[Round "3"]
[White "Nielsen, Max"]
[Black "Antonsen, Mikkel"]
[Result "1/2-1/2"]
[WhiteElo "2132"]
[BlackElo "2419"]
[PlyCount "55"]
[EventDate "1998.??.??"]

1. e4 c5 2. Nf3 Nc6 3. d4 cxd4 4. Nxd4 Nf6 5. Nc3 e5 6. Ndb5 d6 7. Bg5 a6 8.
Na3 b5 9. Bxf6 gxf6 10. Nd5 Bg7 11. Bd3 Ne7 12. Nxe7 Qxe7 13. c3 f5 14. O-O Bb7
15. Re1 O-O 16. exf5 d5 17. Nc2 e4 18. Qh5 Be5 19. Bf1 Kh8 20. Rad1 Rg8 21. Ne3
Rad8 22. g3 Rg5 23. Qe2 b4 24. c4 d4 25. Nd5 Bxd5 26. cxd5 e3 27. Bg2 Bd6 28.
fxe3 1/2-1/2

[Event "10. Lovsprings EMT Jubilaeumsklasse1998"]
[Site "Ringsted"]
[Date "1998.03.27"]
[Round "3"]
[White "Sivertsen, Palle"]
[Black "Hansen, Jorgen Bredahl"]
[Result "1/2-1/2"]
[WhiteElo "2094"]
[BlackElo "2079"]
[PlyCount "82"]
[EventDate "1998.??.??"]

1. e4 c6 2. c4 e5 3. Nf3 d6 4. d4 Bg4 5. dxe5 Bxf3 6. Qxf3 dxe5 7. Nc3 Nd7 8.
Be2 Ngf6 9. O-O Qc7 10. a3 a5 11. Be3 Bc5 12. Na4 Bxe3 13. Qxe3 O-O 14. Rfd1
Rfd8 15. c5 Nf8 16. Bc4 Rxd1+ 17. Rxd1 Rd8 18. Rd3 Rxd3 19. Qxd3 Qd7 20. Nb6
Qxd3 21. Bxd3 Ne6 22. b4 axb4 23. axb4 Kf8 24. f3 Nd8 25. Nc4 Nd7 26. Kf2 Ke7
27. g3 f6 28. Bf1 Ne6 29. Na5 Nd8 30. Bh3 b5 31. cxb6 Nxb6 32. Ke3 Kd6 33. Kd3
Na8 34. f4 exf4 35. gxf4 Nc7 36. Nc4+ Ke7 37. Nb6 Nde6 38. Bxe6 Nxe6 39. Ke3 g5
40. fxg5 fxg5 41. Nc4 Kf6 1/2-1/2

[Event "10. Lovsprings EMT Jubilaeumsklasse1998"]
[Site "Ringsted"]
[Date "1998.04.17"]
[Round "4"]
[White "Bromann, Thorbjorn"]
[Black "Madsen, Hans Henrik"]
[Result "0-1"]
[WhiteElo "2254"]
[BlackElo "2076"]
[PlyCount "80"]
[EventDate "1998.??.??"]

1. e4 g6 2. d4 c6 3. Bd3 d5 4. e5 h5 5. Ne2 Bg4 6. f3 Bf5 7. Bg5 Qb6 8. Nbc3 e6
9. Qd2 Nd7 10. O-O-O Ne7 11. g4 hxg4 12. Bxf5 gxf5 13. fxg4 fxg4 14. Qf4 c5 15.
Rhf1 Rh7 16. dxc5 Qxc5 17. Qa4 Nc6 18. Nd4 Nb6 19. Qb5 a6 20. Qd3 Rh3 21. Qe2
Nxd4 22. Qxg4 Rxc3 23. bxc3 Qa3+ 24. Kd2 Nc4+ 25. Ke1 Qxc3+ 26. Kf2 Nf5 27. Kg1
Nce3 28. Bxe3 Qxe3+ 29. Kh1 Qe4+ 30. Qxe4 dxe4 31. Rfe1 e3 32. a4 Bb4 33. Re2
Rc8 34. Rb1 Bd2 35. Rg2 Rc7 36. h4 Nxh4 37. Rh2 Nf5 38. Kg1 Bc3 39. Rd1 Bxe5
40. Rg2 Ke7 0-1

[Event "10. Lovsprings EMT Jubilaeumsklasse1998"]
[Site "Ringsted"]
[Date "1998.04.17"]
[Round "4"]
[White "Hansen, Jorgen Bredahl"]
[Black "Nielsen, Max"]
[Result "0-1"]
[WhiteElo "2079"]
[BlackElo "2132"]
[PlyCount "84"]
[EventDate "1998.??.??"]

1. e4 c5 2. Nf3 Nc6 3. d4 cxd4 4. Nxd4 Nf6 5. Nc3 e5 6. Ndb5 d6 7. Bg5 a6 8.
Na3 b5 9. Nd5 Be7 10. Bxf6 Bxf6 11. c3 O-O 12. Nc2 Bg5 13. a4 bxa4 14. Rxa4 a5
15. Bc4 Rb8 16. Ra2 Kh8 17. Qe2 g6 18. O-O Bh6 19. Nce3 Bg7 20. Qc2 f5 21. Qa4
Bd7 22. Bb5 Rxb5 23. Qxb5 f4 24. Nc4 f3 25. Nce3 fxg2 26. Nxg2 Nd4 27. Qxa5
Nf3+ 28. Kh1 Qg5 29. Nde3 Qh5 30. h4 Bh3 31. Rfa1 Bxg2+ 32. Kxg2 Qxh4 33. b4
Qg5+ 34. Kf1 Qh5 35. Qc7 Qh1+ 36. Ke2 Ng1+ 37. Rxg1 Qxg1 38. Kd3 Qb1+ 39. Rc2
Bf6 40. Qxd6 Rd8 41. Qxd8+ Bxd8 42. Nd5 h5 0-1

[Event "10. Lovsprings EMT Jubilaeumsklasse1998"]
[Site "Ringsted"]
[Date "1998.04.17"]
[Round "4"]
[White "Lynge, Michael"]
[Black "Sivertsen, Palle"]
[Result "1-0"]
[WhiteElo "2107"]
[BlackElo "2094"]
[PlyCount "75"]
[EventDate "1998.??.??"]

1. d4 Nf6 2. c4 d6 3. Nc3 Bf5 4. f3 e5 5. e4 exd4 6. Qxd4 Nc6 7. Qd1 Be6 8. Bd3
g6 9. Nge2 Bg7 10. O-O O-O 11. Bg5 h6 12. Be3 Ne5 13. b3 c6 14. Rc1 Qa5 15. h3
Rad8 16. f4 Nxd3 17. Qxd3 Rfe8 18. g4 d5 19. cxd5 Nxe4 20. Nxe4 Bxd5 21. Nc5
Bf3 22. Qxd8 Qxd8 23. Rxf3 b6 24. Na4 Qd3 25. Kf2 c5 26. Nac3 Qd8 27. Rd1 Qh4+
28. Kg2 Qe7 29. Bf2 Qb7 30. Kg3 g5 31. Rdd3 gxf4+ 32. Nxf4 Be5 33. Ncd5 Qb8 34.
Kg2 Bxf4 35. Nxf4 Qb7 36. Nh5 Re2 37. Rd8+ Kh7 38. Rd7 1-0

[Event "10. Lovsprings EMT Jubilaeumsklasse1998"]
[Site "Ringsted"]
[Date "1998.04.17"]
[Round "4"]
[White "Pedersen, Hans Dahl"]
[Black "Antonsen, Mikkel"]
[Result "1/2-1/2"]
[WhiteElo "2140"]
[BlackElo "2419"]
[PlyCount "140"]
[EventDate "1998.??.??"]

1. Nf3 d5 2. g3 c6 3. Bg2 Bg4 4. d3 Nd7 5. Nbd2 Ngf6 6. O-O e5 7. e4 Bd6 8. Re1
O-O 9. Qe2 Re8 10. h3 Bh5 11. Nf1 Nc5 12. N1d2 a5 13. Qf1 Qc7 14. Nh4 Ne6 15.
Nf5 Bf8 16. Bf3 Bxf3 17. Nxf3 dxe4 18. dxe4 Nc5 19. Nd2 b5 20. Qe2 g6 21. Nh4
Qd7 22. Kh2 a4 23. a3 Bg7 24. Ng2 Rad8 25. f3 Ne6 26. Nf1 Nd4 27. Qf2 Qe6 28.
Bg5 h6 29. Bxf6 Qxf6 30. Re3 h5 31. Rd3 c5 32. Ne1 c4 33. Rdd1 Bh6 34. Ne3 Bxe3
35. Qxe3 h4 36. g4 g5 37. Rd2 Ne6 38. Rad1 Rxd2+ 39. Rxd2 Rd8 40. c3 Rxd2+ 41.
Qxd2 Kg7 42. Qe3 Nf4 43. Qd2 Kg6 44. Qd7 Ne6 45. Qd2 Nc5 46. Qe3 Qd6 47. Nc2
Ne6 48. Nb4 Qd1 49. Qf2 Nf4 50. Nd5 Nxd5 51. exd5 Qxd5 52. Qe3 Qd3 53. Qe4+ Kf6
54. Kg1 Qd1+ 55. Kf2 Qd2+ 56. Qe2 Qf4 57. Qe4 Qh2+ 58. Ke3 Qf4+ 59. Kf2 Kg7 60.
Ke2 Kh6 61. Qc6+ Kg7 62. Qe4 Qh2+ 63. Ke3 Qg1+ 64. Kd2 Qf2+ 65. Qe2 Qxe2+ 66.
Kxe2 f5 67. gxf5 Kf6 68. Kf2 Kxf5 69. Ke3 Kf6 70. Kf2 Kf5 1/2-1/2

[Event "10. Lovsprings EMT Jubilaeumsklasse1998"]
[Site "Ringsted"]
[Date "1998.04.24"]
[Round "5"]
[White "Antonsen, Mikkel"]
[Black "Hansen, Jorgen Bredahl"]
[Result "1-0"]
[WhiteElo "2419"]
[BlackElo "2079"]
[PlyCount "49"]
[EventDate "1998.??.??"]

1. d4 d5 2. c4 c6 3. Nf3 Nf6 4. Nc3 a6 5. e3 Bg4 6. Qb3 Ra7 7. Ne5 e6 8. f3 Bh5
9. g4 Bg6 10. h4 h6 11. Nxg6 fxg6 12. cxd5 Nxd5 13. e4 Nc7 14. Be3 b5 15. O-O-O
Rb7 16. d5 Qd6 17. f4 cxd5 18. exd5 Nxd5 19. Nxd5 exd5 20. Rxd5 Qc6+ 21. Kb1
Rd7 22. Bg2 Be7 23. Rc1 Qf6 24. g5 hxg5 25. hxg5 1-0

[Event "10. Lovsprings EMT Jubilaeumsklasse1998"]
[Site "Ringsted"]
[Date "1998.04.24"]
[Round "5"]
[White "Madsen, Hans Henrik"]
[Black "Pedersen, Hans Dahl"]
[Result "0-1"]
[WhiteElo "2076"]
[BlackElo "2140"]
[PlyCount "58"]
[EventDate "1998.??.??"]

1. d4 d5 2. c4 e6 3. Nc3 Nf6 4. cxd5 exd5 5. Bg5 Be7 6. Qc2 c6 7. e3 Nbd7 8.
Bd3 O-O 9. Nf3 Re8 10. O-O Nf8 11. Bxf6 Bxf6 12. b4 Bg4 13. Nd2 Be7 14. b5 Bd6
15. Bf5 Qh4 16. g3 Qh3 17. Bxg4 Qxg4 18. bxc6 bxc6 19. e4 Bb4 20. f3 Qd7 21. a3
Ba5 22. Nb3 Bb6 23. exd5 cxd5 24. Qd3 Ne6 25. a4 a5 26. Qb5 Qa7 27. Kh1 Nxd4
28. Nxd4 Bxd4 29. Qd3 Re3 0-1

[Event "10. Lovsprings EMT Jubilaeumsklasse1998"]
[Site "Ringsted"]
[Date "1998.04.24"]
[Round "5"]
[White "Nielsen, Max"]
[Black "Lynge, Michael"]
[Result "1/2-1/2"]
[WhiteElo "2132"]
[BlackElo "2107"]
[PlyCount "55"]
[EventDate "1998.??.??"]

1. e4 e6 2. d4 d5 3. Nc3 Nf6 4. e5 Nfd7 5. f4 c5 6. Nf3 Nc6 7. Be3 a6 8. Qd2 b5
9. dxc5 Bxc5 10. Bxc5 Nxc5 11. Qf2 Qb6 12. Bd3 b4 13. Ne2 a5 14. O-O Ba6 15.
Kh1 Bxd3 16. cxd3 Qb5 17. Ned4 Nxd4 18. Nxd4 Qxd3 19. Rad1 Qa6 20. f5 Ne4 21.
Qh4 O-O 22. f6 gxf6 23. Rf3 Kh8 24. Rxf6 Nxf6 25. Qxf6+ Kg8 26. Qg5+ Kh8 27.
Qf6+ Kg8 28. Qg5+ 1/2-1/2

[Event "10. Lovsprings EMT Jubilaeumsklasse1998"]
[Site "Ringsted"]
[Date "1998.04.24"]
[Round "5"]
[White "Sivertsen, Palle"]
[Black "Bromann, Thorbjorn"]
[Result "0-1"]
[WhiteElo "2094"]
[BlackElo "2254"]
[PlyCount "78"]
[EventDate "1998.??.??"]

1. e4 e6 2. d3 d5 3. Nd2 c5 4. g3 Bd6 5. Bg2 Ne7 6. Ngf3 Nbc6 7. O-O O-O 8. Re1
Qc7 9. c3 Bd7 10. Qe2 f6 11. a3 a5 12. a4 Be8 13. Nf1 d4 14. N3d2 e5 15. Nc4
Bf7 16. Nfd2 Rfd8 17. Bh3 Rab8 18. Na3 Na7 19. c4 Nec6 20. Rf1 Rf8 21. Nf3 Bh5
22. Be6+ Kh8 23. h3 Rbe8 24. Bd5 f5 25. exf5 e4 26. Bxe4 g6 27. g4 gxf5 28.
gxh5 fxe4 29. Ng5 Rg8 30. h6 Bf4 31. h4 Bxc1 32. Raxc1 Qf4 33. Qh5 Ne5 34. Kh1
exd3 35. Rce1 Nac6 36. Re4 Qf5 37. Nb5 Rxg5 38. hxg5 Qxe4+ 39. f3 Qg6 0-1

[Event "10. Lovsprings EMT Jubilaeumsklasse1998"]
[Site "Ringsted"]
[Date "1998.05.15"]
[Round "6"]
[White "Bromann, Thorbjorn"]
[Black "Nielsen, Max"]
[Result "0-1"]
[WhiteElo "2254"]
[BlackElo "2132"]
[PlyCount "62"]
[EventDate "1998.??.??"]

1. d4 Nf6 2. Nf3 g6 3. Bg5 Bg7 4. Nbd2 d5 5. c3 O-O 6. Bxf6 Bxf6 7. e4 c6 8.
Bd3 Bg7 9. Qc2 Nd7 10. O-O-O dxe4 11. Nxe4 Qa5 12. Kb1 Nf6 13. Nc5 Qc7 14. Rde1
b6 15. Nb3 a5 16. h4 a4 17. Nc1 a3 18. b3 c5 19. h5 cxd4 20. hxg6 hxg6 21. c4
Ra5 22. Nxd4 Qc5 23. Nb5 Ng4 24. Nc3 Nxf2 25. Nd5 Re8 26. Rxe7 Rxe7 27. b4 Qd4
28. Nb3 Rxd5 29. Nxd4 Rxd4 30. Qxf2 Rxd3 31. Re1 Bf5 0-1

[Event "10. Lovsprings EMT Jubilaeumsklasse1998"]
[Site "Ringsted"]
[Date "1998.05.15"]
[Round "6"]
[White "Lynge, Michael"]
[Black "Antonsen, Mikkel"]
[Result "1/2-1/2"]
[WhiteElo "2107"]
[BlackElo "2419"]
[PlyCount "79"]
[EventDate "1998.??.??"]

1. d4 e6 2. c4 Bb4+ 3. Nc3 Nf6 4. Qc2 O-O 5. a3 Bxc3+ 6. Qxc3 b6 7. Nf3 Bb7 8.
e3 d6 9. b4 Nbd7 10. Bb2 Ne4 11. Qc2 f5 12. Bd3 Ng5 13. d5 Nxf3+ 14. gxf3 Ne5
15. O-O-O Nxf3 16. dxe6 Qg5 17. c5 f4 18. c6 Bc8 19. Bxh7+ Kh8 20. h4 Qh6 21.
e7 Re8 22. Qe4 Ne5 23. Bxe5 Qxh7 24. Qxh7+ Kxh7 25. Bxf4 Rxe7 26. h5 Bf5 27. f3
Rf7 28. Rhg1 Be6 29. Rg5 Rf5 30. Rdg1 Rxg5 31. Rxg5 Rf8 32. Kd2 Rf7 33. Ke2 Re7
34. Kf2 Bf7 35. e4 g6 36. hxg6+ Bxg6 37. Ke3 Kg7 38. Bg3 Kf7 39. Be1 Re6 40.
Bc3 1/2-1/2

[Event "10. Lovsprings EMT Jubilaeumsklasse1998"]
[Site "Ringsted"]
[Date "1998.05.15"]
[Round "6"]
[White "Madsen, Hans Henrik"]
[Black "Sivertsen, Palle"]
[Result "0-1"]
[WhiteElo "2076"]
[BlackElo "2094"]
[PlyCount "126"]
[EventDate "1998.??.??"]

1. d4 Nf6 2. Nf3 d6 3. Bg5 Nbd7 4. Nc3 c6 5. e4 e5 6. Bc4 Be7 7. O-O O-O 8. Re1
b5 9. Bf1 Bb7 10. Qd2 Re8 11. Rad1 Qc7 12. Nh4 g6 13. g3 b4 14. Nb1 exd4 15. c3
c5 16. Bg2 Nxe4 17. Bxe4 Bxg5 18. Qxg5 Bxe4 19. cxd4 c4 20. Nd2 d5 21. Nxe4
dxe4 22. Ng2 Rac8 23. Ne3 c3 24. bxc3 bxc3 25. Rc1 Qb6 26. Red1 Nf6 27. d5 Qd6
28. Rc2 Qe5 29. Qxe5 Rxe5 30. Kf1 Kf8 31. Ke2 Ke8 32. h3 h5 33. g4 hxg4 34.
hxg4 Rg5 35. Rdc1 Nxg4 36. Nxg4 Rxg4 37. Rxc3 Rxc3 38. Rxc3 Rg5 39. Rc5 Kd7 40.
Ke3 Kd6 41. Ra5 Rxd5 42. Rxa7 f5 43. Kf4 Rd2 44. Ra6+ Kd5 45. Ke3 Rd3+ 46. Ke2
g5 47. Ra5+ Ke6 48. Rb5 Ra3 49. Rb2 Ke5 50. Rc2 Kf4 51. Rb2 g4 52. Kf1 e3 53.
Kg2 exf2 54. Rxf2+ Ke4 55. Re2+ Kf4 56. Rf2+ Kg5 57. Rb2 f4 58. Rb5+ Kh4 59.
Rb2 f3+ 60. Kg1 Kg3 61. Rg2+ Kf4 62. Rb2 g3 63. Kf1 Rc3 0-1

[Event "10. Lovsprings EMT Jubilaeumsklasse1998"]
[Site "Ringsted"]
[Date "1998.05.15"]
[Round "6"]
[White "Pedersen, Hans Dahl"]
[Black "Hansen, Jorgen Bredahl"]
[Result "1-0"]
[WhiteElo "2140"]
[BlackElo "2079"]
[PlyCount "191"]
[EventDate "1998.??.??"]

1. c4 c5 2. Nc3 Nc6 3. Nf3 Nf6 4. g3 e6 5. Bg2 d5 6. cxd5 Nxd5 7. O-O Be7 8. d3
O-O 9. Qb3 Na5 10. Qd1 Nc6 11. Bd2 Bf6 12. Rb1 Nxc3 13. bxc3 Qc7 14. Qb3 Rd8
15. Ng5 b6 16. Ne4 Be7 17. Qb2 Bb7 18. Bf4 e5 19. Be3 Bc8 20. c4 Be6 21. Nc3
Rac8 22. Nd5 Bxd5 23. Bxd5 Bf6 24. Be4 Nd4 25. a4 Rf8 26. Rfe1 Qd7 27. Qa2 Bd8
28. Bd5 Kh8 29. Bd2 f5 30. e3 Nc6 31. Bc3 f4 32. exf4 exf4 33. Be6 Qxd3 34. Qb3
Nd4 35. Bxd4 Qxd4 36. Bxc8 fxg3 37. Qxg3 Bh4 38. Qg4 Bxf2+ 39. Kh1 Bxe1 40.
Rxe1 Qf2 41. Rg1 Qb2 42. Bf5 Qf6 43. Be4 Qh6 44. Qg5 Qxg5 45. Rxg5 g6 46. a5
Kg7 47. Rd5 Rf1+ 48. Kg2 Ra1 49. Rd7+ Kf6 50. axb6 axb6 51. Rxh7 Ra4 52. Bd5
Rb4 53. Rb7 Ke5 54. Bg8 Kf4 55. Rf7+ Kg5 56. Rb7 Kf4 57. h3 Rb2+ 58. Kf1 Kf3
59. Bd5+ Kg3 60. Rg7 Rb4 61. Be6 b5 62. Rxg6+ Kf3 63. Bd5+ Kf4 64. cxb5 Rxb5
65. Ke2 Rb2+ 66. Kd3 Rb4 67. Be6 Rd4+ 68. Kc3 Ke5 69. Bg4 Rd6 70. Rg8 Kf6 71.
h4 Kf7 72. Rg5 Rh6 73. h5 Rh8 74. Rxc5 Kg7 75. Rc6 Rh6 76. Rc7+ Kh8 77. Kd4 Rf6
78. Ke5 Rf8 79. Bf5 Kg8 80. Kf4 Kh8 81. Kg5 Rg8+ 82. Bg6 Rg7 83. Rc6 Rg8 84.
Kh6 Rg7 85. Rc8+ Rg8 86. Rc7 Rg7 87. Rc5 Rg8 88. Kg5 Rg7 89. Kh6 Rh7+ 90. Kg5
Rg7 91. Rc4 Rg8 92. Kf6 Rg7 93. Rc8+ Rg8 94. Rc7 Rg7 95. Bf7 Rg6+ 96. Bxg6 1-0

[Event "10. Lovsprings EMT Jubilaeumsklasse1998"]
[Site "Ringsted"]
[Date "1998.05.29"]
[Round "7"]
[White "Antonsen, Mikkel"]
[Black "Bromann, Thorbjorn"]
[Result "1-0"]
[WhiteElo "2419"]
[BlackElo "2254"]
[PlyCount "87"]
[EventDate "1998.??.??"]

1. e4 e6 2. d3 d5 3. Nd2 c5 4. g3 Bd6 5. Qg4 g6 6. Qe2 Nc6 7. Ngf3 Nge7 8. Bg2
Qc7 9. O-O O-O 10. Re1 f6 11. c3 Bd7 12. a3 b5 13. d4 cxd4 14. cxd4 Qb6 15. e5
fxe5 16. dxe5 Bc7 17. Nb3 Nf5 18. Rd1 Rae8 19. Bg5 a5 20. Rac1 Bd8 21. Nc5 Rf7
22. Bxd8 Nxd8 23. g4 Ng7 24. Ng5 Rfe7 25. Nge4 Bc6 26. Nf6+ Kh8 27. Nxe8 Nxe8
28. Nb3 b4 29. Nd4 bxa3 30. bxa3 Ba4 31. Rd3 Kg8 32. Qe3 Qb2 33. Qd2 Qb6 34.
Rdc3 Nf7 35. Qe3 Qb2 36. f4 h6 37. Rc8 Kh7 38. Qc3 Qb6 39. Qc5 Qb7 40. Bf1 g5
41. Bd3+ Kg7 42. Rb1 Qd7 43. f5 Nxe5 44. fxe6 1-0

[Event "10. Lovsprings EMT Jubilaeumsklasse1998"]
[Site "Ringsted"]
[Date "1998.05.29"]
[Round "7"]
[White "Hansen, Jorgen Bredahl"]
[Black "Lynge, Michael"]
[Result "1/2-1/2"]
[WhiteElo "2079"]
[BlackElo "2107"]
[PlyCount "68"]
[EventDate "1998.??.??"]

1. e4 e6 2. d4 d5 3. e5 c5 4. c3 Nc6 5. Nf3 Qb6 6. a3 Nh6 7. b4 cxd4 8. cxd4
Nf5 9. Bb2 Bd7 10. Be2 Rc8 11. O-O Be7 12. g4 Nh6 13. h3 f6 14. Nc3 Nf7 15. Na4
Qd8 16. Nc5 Bxc5 17. bxc5 fxe5 18. Nxe5 Nfxe5 19. dxe5 O-O 20. Qd2 Qh4 21. Kg2
Ne7 22. Bd4 Bc6 23. f4 Ng6 24. f5 exf5 25. Qe3 f4 26. Qf2 Qg5 27. Bf3 h5 28.
Rh1 Nh4+ 29. Kh2 Nxf3+ 30. Qxf3 h4 31. Rhe1 Rce8 32. Ra2 Re6 33. Rf2 Qd8 34.
Qc3 g5 1/2-1/2

[Event "10. Lovsprings EMT Jubilaeumsklasse1998"]
[Site "Ringsted"]
[Date "1998.05.29"]
[Round "7"]
[White "Nielsen, Max"]
[Black "Madsen, Hans Henrik"]
[Result "1/2-1/2"]
[WhiteElo "2132"]
[BlackElo "2076"]
[PlyCount "51"]
[EventDate "1998.??.??"]

1. e4 g6 2. d4 c6 3. Nc3 d5 4. e5 h5 5. Bd3 Bg4 6. f3 Bf5 7. Nge2 e6 8. O-O Nd7
9. Be3 Nh6 10. a3 Bxd3 11. Qxd3 Nf5 12. Bf2 c5 13. dxc5 Nxe5 14. Qb5+ Qd7 15.
Rfe1 Bg7 16. Rad1 O-O 17. Nd4 Nxd4 18. Bxd4 Qxb5 19. Nxb5 Nc4 20. Bxg7 Kxg7 21.
b3 Na5 22. Nd6 Rfd8 23. b4 Rxd6 24. cxd6 Nc4 25. Rd3 Rd8 26. a4 1/2-1/2